| 000 | 01362nam a2200421 a 4500 | ||
|---|---|---|---|
| 003 | AR-BaBNM | ||
| 005 | 20251128203805.0 | ||
| 008 | 082120s2002 ||||||||||||||000 | spa|| | ||
| 040 | _cAR-BaBNM | ||
| 245 | 0 | 0 |
_aManual de educación física juvenil _n2 |
| 260 |
_aMadrid _bDoncel _c1961 |
||
| 300 |
_a232 p. _bdiagr., il. |
||
| 490 | 0 | _aBiblioteca de educación física. Libros para el profesor | |
| 500 | _aEstos textos fueron confeccionados por la Delegación Nacional de Juventudes y aplicados oficialmente en todos los centros de enseñanza media de España | ||
| 504 | _aBibliografía: p. 232 | ||
| 650 | 4 | _aEDUCACION FISICA | |
| 650 | 4 | _aDIDACTICA | |
| 650 | 4 | _aFORMACION DE DOCENTES | |
| 650 | 4 | _aGIMNASIA | |
| 650 | 4 | _aACTIVIDADES DEPORTIVAS | |
| 650 | 4 | _aACTIVIDADES FISICAS | |
| 650 | 4 | _aMETODOS DE ENSEÑANZA | |
| 650 | 4 | _aACTIVIDADES AL AIRE LIBRE | |
| 650 | 4 | _aJUEGOS EDUCATIVOS | |
| 650 | 4 | _aNATACION | |
| 650 | 4 | _aJUEGOS DE PELOTA | |
| 651 | 4 | _aEspaña | |
| 653 | _aEDUCACION SECUNDARIA | ||
| 700 | 1 | _aMartin Andrés, Juan José | |
| 700 | 1 | _aGorriz Aliaga, Angel | |
| 700 | 1 | _aCarreras Cebriá, Juan | |
| 700 | 1 | _aDel Castillo Muñoz, Teodosio | |
| 700 | 1 | _aSignes Guinot, Francisco | |
| 700 | 1 | _aSan Mateo Meana, Enrique | |
| 800 | 1 |
_aChaves Fernández, Rafael _edirector |
|
| 942 | _cBK | ||
| 998 | _cSILVI | ||
| 999 |
_c4957 _d4957 |
||